LEADER 01051nam a2200241 i 4500 001 000000212173 003 CaOOAMICUS 005 20160419000000.0 008 160419s1960 it u000 u eng u 013 $a191003 040 $aSeMil$bita 245 14$aThe complete works of Geoffrey Chaucer /$cedited from numerous manuscripts by Walter W. Skeat. 250 $areprinted. 260 $aLondon ; New York ; Toronto :$bOxford University Press,$c1960. 300 $aXXIV, 732, [149] p. ;$c19 cm. 600 14$aChaucer, Geoffrey <1343-1400>.$0(OLS)http://semarc/subject/15157 700 1 $aSkeat, Walter W.$0(OLS)http://semarc/name/75727 700 1 $aChaucer, Geoffrey .$0(OLS)http://semarc/name/28134 850 $aSeMil 852 $aSeMil$W1$xVenegono$y1$m1V I 270$j162608$B162608$CSeMilBibl$Z2$F211689 $81 961 $aOmaggio: Altro 996 $6245$aThe complete works of Geoffrey Chaucer$9(OLS)http://semarc/title/306383 996 $6260$aLondon ; New York ; Toronto :$bOxford University Press$9(OLS)http://semarc/publisher/40256 LEADER 01347nam a2200301 i 4500 001 000000187732 003 CaOOAMICUS 005 20150305000000.0 008 150305n it u000 u ita u 013 $a165828 040 $aSeMil$bita 100 1 $aBargellini, Piero,$d<1897-1980>.$0(OLS)http://semarc/name/926 245 13$aLe opere di misericordia /$ctesto di Piero Bargellini ; tavole di Enrico Manfrini. 260 $aMilano :$bGalleria d'Arte Sacra dei Contemporanei,$cstampa 1956. 300 $a50 p., [9] c. di tav. :$bin gran parte ill. ;$c32 cm. 490 0 $aQuaderni d'arte sacra 500 $aFondo card. Giovanni Colombo. 650 4$aMisericordia.$0(OLS)http://semarc/subject/14176 650 4$aScultura italiana - Sec. 20.$0(OLS)http://semarc/subject/35359 650 4$aManfrini, Enrico - Opere.$0(OLS)http://semarc/subject/35357 700 1 $aManfrini, Enrico.$0(OLS)http://semarc/name/43775 830 0$aQuaderni d'arte sacra.$0(OLS)http://semarc/title/21845 850 $aSeMil 852 $aSeMil$W1$xVenegono$y1$m3GC VIII 67$j138419$B138419$CSeMilBibl$Z2$F149858 $8B 941 1 $a3 961 $aLascito: Colombo Card. Giovanni 996 $6245$aLe opere di misericordia$9(OLS)http://semarc/title/186453 996 $6260$aMilano :$bGalleria d'Arte Sacra dei Contemporanei$9(OLS)http://semarc/publisher/38927